Presidential Nicknames Quiz Stats

 Plays Quiz not verified by Sporcle

Challenge
Share
Tweet
Embed
Score 0/30 Timer 07:00
0 Plays Today
Nickname President % Correct
IkeDwight D. Eisenhower
96.5%
LBJLyndon Johnson
94.7%
Father of His CountryGeorge Washington
89.6%
The New DealerFranklin Roosevelt
89.2%
Tricky DickRichard Nixon
88.5%
The Great EmancipatorAbraham Lincoln
88.1%
DubyaGeorge W. Bush
86%
Silent CalCalvin Coolidge
83.5%
Old HickoryAndrew Jackson
78.5%
Slick WillyBill Clinton
76.8%
JackJohn F. Kennedy
76%
The Peanut FarmerJimmy Carter
75.7%
The RoughriderTheodore Roosevelt
73.1%
Old TippecanoeWilliam Henry Harrison
71.5%
Handsome FrankFranklin Pierce
65.1%
Nickname President % Correct
JerryGerald Ford
63.1%
Young TippecanoeBenjamin Harrison
60.7%
Unconditional SurrenderUlysses S. Grant
49.2%
Old Rough and ReadyZachary Taylor
48.2%
DutchRonald Reagan
45.2%
His AccidencyJohn Tyler
44.4%
The Apostle of DemocracyThomas Jefferson
39.5%
His RotundityJohn Adams
37.5%
The Sage of MontpelierJames Madison
30.2%
The Last of the Crooked HatsJames Monroe
27.8%
Old Man EloquentJohn Quincy Adams
27.1%
Napoleon of the StumpJames Polk
24.4%
Old 8 to 7Rutherford B. Hayes
19.1%
The Red Fox of KinderhookMartin Van Buren
18.9%
The Canal BoyJames Garfield
14.5%

You're not logged in!

Compare scores with friends on all Sporcle quizzes.
Join for Free
OR
Log In

You Might Also Like...

Show Comments

Extras

Top Quizzes Today


Score Distribution

Your Account Isn't Verified!

In order to create a playlist on Sporcle, you need to verify the email address you used during registration. Go to your Sporcle Settings to finish the process.

Report this User

Report this user for behavior that violates our Community Guidelines.

Details: